| 000 | 02720cam a2200373 i 4500 | ||
|---|---|---|---|
| 001 | ssj0001534659 | ||
| 003 | EG-ScBUE | ||
| 005 | 20241015112133.0 | ||
| 008 | 150717t2015 sz a f b 001 0 eng d | ||
| 020 | _a9783319192666 | ||
| 040 |
_aEG-ScBUE _beng _erda _cEG-ScBUE _dWaSeSS _dEG-ScBUE |
||
| 082 | 0 | 4 |
_a515.35 _222 _bDOL |
| 100 | 1 |
_aDolejší, Vít, _eauthor. |
|
| 245 | 1 | 0 |
_aDiscontinuous Galerkin method : _banalysis and applications to compressible flow / _cVít Dolejší, Miloslav Feistauer. |
| 264 | 1 |
_aCham : _bSpringer International Publishing, _c[2015] |
|
| 264 | 4 | _cc2015 | |
| 300 |
_axiv, 572 pages : _billustrations ; _c24 cm. |
||
| 336 |
_2rdacontent _atext _btxt |
||
| 337 |
_aunmediated _2rdamedia _bn |
||
| 338 |
_avolume _bnc _2rdacarrier |
||
| 490 | 0 |
_aSpringer Series in Computational Mathematics, _x0179-3632 ; _v48 |
|
| 504 | _aIncludes bibliographical references and index. | ||
| 505 | 0 | _aIntroduction -- Part I: Analysis of the discontinuous Galerkin method -- DGM for elliptic problems -- Methods based on a mixed formulation -- DGM for convection-diffusion problems -- Space-time discretization by multi-step methods -- Space-time discontinuous Galerkin method -- Generalization of the DGM -- Part II: Applications of the discontinuous Galerkin method -- Inviscid compressible flow -- Viscous compressible flow -- Fluid-structure interaction -- References -- Index. . | |
| 506 | _aAvailable on campus and off campus with authorized login. | ||
| 520 | _aThe subject of the book is the mathematical theory of the discontinuous Galerkin method (DGM), which is a relatively new technique for the numerical solution of partial differential equations. The book is concerned with the DGM developed for elliptic and parabolic equations and its applications to the numerical simulation of compressible flow. It deals with the theoretical as well as practical aspects of the DGM and treats the basic concepts and ideas of the DGM, as well as the latest significant findings and achievements in this area. The main benefit for readers and the book’s uniqueness lie in the fact that it is sufficiently detailed, extensive and mathematically precise, while at the same time providing a comprehensible guide through a wide spectrum of discontinuous Galerkin techniques and a survey of the latest efficient, accurate and robust discontinuous Galerkin schemes for the solution of compressible flow. | ||
| 650 | 7 |
_aMathematics. _2BUEsh _92018 |
|
| 650 | 7 |
_aComputer science. _2BUEsh _93608 |
|
| 650 | 7 |
_aNumerical analysis. _2BUEsh _9465 |
|
| 651 | _2BUEsh | ||
| 653 |
_bENGELC _cOctober2016 |
||
| 655 | _vReading book | ||
| 700 | 1 |
_aFeistauer, Miloslav, _eauthor. |
|
| 942 |
_2ddc _cBB |
||
| 999 |
_c22743 _d22715 |
||